Sunderland AFC's Last 11 Managers - Statistics

General Stats
  • This quiz has been taken 818 times
    806 since last reset
  • The average score is 6 of 11
Answer Stats
Nationality Answer % Correct
Italy Paolo Di Canio
89%
Northern Ireland Martin O'Neill
77%
Ireland Roy Keane
76%
England Steve Bruce
71%
Ireland Mick McCarthy
54%
Ireland Niall Quinn
52%
England Peter Reid
52%
Scotland Ricky Sbragia
37%
England Howard Wilkinson
29%
England Kevin Ball
25%
Scotland Eric Black
12%
No matching quizzes found
Score Distribution
Percent of People with Each Score
Percentile by Number Answered
Your Score History
You have not taken this quiz since the last reset